El clima urbano de madrid : (Record no. 5238)
[ view plain ]
| 000 -CABECERA | |
|---|---|
| campo de control de longitud fija | 00824nam a2200205 a 4500 |
| 001 - NÚMERO DE CONTROL | |
| campo de control | 000005438 |
| 005 - FECHA Y HORA DE LA ÚLTIMA TRANSACCIÓN | |
| campo de control | 20200929151659.0 |
| 008 - DATOS DE LONGITUD FIJA--INFORMACIÓN GENERAL | |
| campo de control de longitud fija | 090819s1991 es a 000 spa d |
| 040 ## - FUENTE DE LA CATALOGACIÓN | |
| Centro catalogador/agencia de origen | DO-SdBNP |
| Lengua de catalogación | spa |
| Centro/agencia transcriptor | BNPHU |
| 082 ## - NÚMERO DE LA CLASIFICACIÓN DECIMAL DEWEY | |
| Número de clasificación | xxx |
| Número de documento/Ítem | L864c |
| 245 03 - MENCIÓN DE TÍTULO | |
| Título | El clima urbano de madrid : |
| Resto del título | la isla del calor / |
| Mención de responsabilidad, etc. | Antonio López Gómez, Julia López Gómez, Felipe Fernández García, Fernando Arroyo Ilera. |
| 260 ## - PUBLICACIÓN, DISTRIBUCIÓN, ETC. | |
| Lugar de publicación, distribución, etc. | Madrid, : |
| Nombre del editor, distribuidor, etc. | Consejo superior de investigaciones científicas, |
| Fecha de publicación, distribución, etc. | 1991. |
| 300 ## - DESCRIPCIÓN FÍSICA | |
| Extensión | 166 p. : |
| Otras características físicas | il., mapas ; |
| Dimensiones | 25 cm. |
| 500 ## - NOTA GENERAL | |
| Nota general | Incluye referencias bibliográficas y notas al pie de las páginas |
| 500 ## - NOTA GENERAL | |
| Nota general | Bibliografía : p. 163-164 |
| 700 12 - PUNTO DE ACCESO ADICIONAL--NOMBRE DE PERSONA | |
| Nombre de persona | López Gómez, Antonio |
| 9 (RLIN) | 15449 |
| 700 12 - PUNTO DE ACCESO ADICIONAL--NOMBRE DE PERSONA | |
| Nombre de persona | López Gómez, Julia |
| 9 (RLIN) | 15450 |
| 700 12 - PUNTO DE ACCESO ADICIONAL--NOMBRE DE PERSONA | |
| Nombre de persona | Fernández García, Felipe |
| 9 (RLIN) | 15451 |
| 700 12 - PUNTO DE ACCESO ADICIONAL--NOMBRE DE PERSONA | |
| Nombre de persona | Arroyo Ilera, Fernando |
| 9 (RLIN) | 15452 |
| Estado de retiro | Estado de pérdida | Restricciones de uso | No para préstamo | Código de colección | Localización permanente | Ubicación/localización actual | Ubicación en estantería | Fecha de adquisición | Número de inventario | Total de préstamos | Signatura topográfica completa | Código de barras | Fecha visto por última vez | Precio válido a partir de | Tipo de ítem Koha |
|---|---|---|---|---|---|---|---|---|---|---|---|---|---|---|---|
| Monografías: Libros y Folletos | General | General | En catalogación | 19.08.2009 | LF1 | xxx L864c | 5438-10 | 25.06.2020 | 25.06.2020 | Préstamo en sala |
